|
|
|
|
| LEADER |
00000nam a22000007a 4500 |
| 005 |
2011092302392.0 |
| 007 |
cr ||||||||||| |
| 008 |
080206s2007 lu |||||s 001 ||eng|| |
| 020 |
|
|
|a 928946917X (versi ̤paper)
|
| 035 |
|
|
|a 2091
|
| 040 |
|
|
|d vLex
|
| 090 |
|
|
|c 2564
|d 2564
|
| 245 |
0 |
0 |
|a Directive 93/34/EC
|h [Recurs electrṇic] :
|b an instrument of co-operation between institutions and enterprises to ensure the smooth functioning of the Internal Market : a guide to the procedure for the provision of information in the field of technical standards and regulations and of rules on Information Society services
|
| 256 |
|
|
|a Servicio en ln̕ea.
|
| 260 |
|
|
|a Luxembourg :
|b European Union Publications Office,
|c 2005
|
| 300 |
|
|
|a 1 recurso electrn̤ico
|
| 504 |
|
|
|a Referencias bibliogrf̀icas
|
| 506 |
1 |
|
|a Contenido solo disponible en los productos indicados
|d vLex Global
|d vLex Global (Academic Edition, excluding Law Schools)
|d vLex Global (U.S. Academic Edition, Law Schools)
|d vLex Global (U.S. Academic Edition, excluding Law Schools)
|d vLex Global (Academic Edition, Law Schools)
|
| 530 |
|
|
|a Versin̤ electrn̤ica del mismo tt̕ulo en papel
|
| 650 |
0 |
4 |
|a Normalitzacin̤
|z Unin̤ europea, Paises de la
|
| 650 |
0 |
4 |
|a Servicios de informacin̤
|z Unin̤ europea, Paises de la
|
| 650 |
0 |
4 |
|a Sociedad de la informacin̤
|z Unin̤ europea, Paises de la
|
| 710 |
2 |
|
|a Comisin̤ de las Comunidades Europeas.
|b Direccin̤ General de Empresa e Industria
|
| 740 |
0 |
|
|a vLex Libros (Servicio en ln̕ea)
|
| 856 |
4 |
0 |
|z Acceso restringido
|u http://vlex.com/source/directive-instrument-cooperation-institutions-enterprises-2091
|
| 942 |
|
|
|c BOOK
|